Suicide and life-threatening behavior
| Previous Title: | Suicide |
|---|---|
| Corporate Author: | |
| Format: | Electronic Journal |
| Language: | English |
| Published: |
New York :
Guilford Press
©1976-
Hoboken, N.J. : John Wiley and Sons New York : Human Sciences Press, |
| Subjects: | |
| Online Access: | Full text available from Research Library: 04/01/1994 to 12/31/2010 |
MARC
| LEADER | 00000nas a2200000 a 4500 | ||
|---|---|---|---|
| 001 | ssj0000200 | ||
| 003 | WaSeSS | ||
| 005 | 20200512172242.0 | ||
| 006 | m d | ||
| 007 | cr n | ||
| 008 | 010406c19769999njubr p s 0 a0eng c | ||
| 010 | |a 2001227162 | ||
| 015 | |a GBB350716 |2 bnb | ||
| 016 | 7 | |a 015866732 |2 Uk | |
| 022 | |a 1943-278X |l 0363-0234 |y 0363-0234 | ||
| 035 | |a (WaSeSS)ssj0000200 | ||
| 037 | |b Guilford Publications, Inc., 72 Spring Street, New York, NY 10012 | ||
| 040 | |a IWA |b eng |c IWA |d EYM |d OCLCQ |d F#A |d SBH |d DLC |d OCLCQ |d UKMGB |d OCLCQ |d DLC |d TXA |d OCLCQ |d OCLCF |d OCLCO |d OCLCQ |d OCLCO |d OCLCQ |d TSC |d NLE |d BUF |d OCLCQ |d AU@ |d OCLCO |d WYU |d VT2 |d OCLCQ |d OCLCO |d U3W |d NJT |d OCLCA |d WaSeSS | ||
| 042 | |a pcc |a nsdp | ||
| 050 | 1 | 4 | |a RC569 |b .S93 |
| 082 | 1 | 0 | |a 616 |2 14 |
| 130 | 0 | |a Suicide and life-threatening behavior (Online) | |
| 210 | 0 | |a Suicide life-threat. behav. |b (Online) | |
| 222 | 0 | |a Suicide and life-threatening behavior |b (Online) | |
| 245 | 1 | 0 | |a Suicide and life-threatening behavior |h [electronic resource]. |
| 260 | 2 | |3 <2001>-2010 : |a New York : |b Guilford Press | |
| 260 | 2 | |3 <2011-> : |a Hoboken, N.J. : |b John Wiley and Sons | |
| 260 | 3 | |3 1976-<1980> : |a New York : |b Human Sciences Press, |c ©1976- | |
| 310 | |a Bomonthly, |b 2005- | ||
| 321 | |a Quarterly, |b 1976-2004 | ||
| 362 | 1 | |a Began with: Vol. 6, no. 1 (spring 1976). | |
| 506 | |a License restrictions may limit access. | ||
| 538 | |a Mode of access: World Wide Web. | ||
| 550 | |a "The official publication of the American Association of Suicidology." | ||
| 588 | |a Description based on: Vol. 6, no. 1 (spring 1976); title from PDF title page (PAO, viewed Mar. 1, 2013). | ||
| 588 | |a Latest issue consulted: Vol. 40, [no.] 6 (Dec. 2010) (ProQuest, viewed Mar. 1, 2013). | ||
| 650 | 0 | |a Suicide |v Periodicals. | |
| 650 | 0 | |a Suicide |x Prevention |v Periodicals. | |
| 650 | 7 | |a Suicide. |2 fast |0 (OCoLC)fst01137578 | |
| 650 | 7 | |a Suicide |x Prevention. |2 fast |0 (OCoLC)fst01137587 | |
| 650 | 2 | |a Behavior |v Periodicals. | |
| 650 | 2 | |a Suicide |v Periodicals. | |
| 655 | 0 | |a Electronic journals. | |
| 710 | 2 | |a American Association of Suicidology. | |
| 776 | 0 | 8 | |i Print version: |t Suicide & life-threatening behavior |x 0363-0234 |w (DLC) 76647806 |w (OCoLC)2705480 |
| 780 | 0 | 0 | |t Suicide |w (OCoLC)610590714 |
| 856 | 4 | 0 | |z Full text available from Research Library: 04/01/1994 to 12/31/2010 |u https://search.proquest.com/publication/6058 |